000 00574nam a22002297a 4500
003 UA-OsUOA
001 46588
007 ta
008 20070703b un ||||| |||| 00| 0 ukr d
100 _aПалиевский П.В.
090 _a82.09
_bП14
942 _cBK
040 _aUA-OsUOA
_brus
_cUA-OsUOA
_dUA-OsUOA
245 _aЛитература и теория
300 _a284 с.
955 _a2
041 _arus
080 _a82.09
260 _aМ.
_c1978
650 7 _a82 Література. Літературознавство
_2UDC
999 _c332672
_d332672